00461nam a22001337a 4500003000500000038001800005082000800023100002000031245013500051264003200186650001800218700003300236856005800269NUST aNusrat Nadeem a200 aMunawar, Frazia aComparing the Effects of Related and Unrelated Export Variety over Economic Complexity in South Asian Countries/cFrazia Munawar,  aIslamabadbS3H NUST.c2026. aMS-Economics  aSupervisor: Dr. Muhammad Ali u http://10.250.8.41:8080/xmlui/handle/123456789/57296